000 00678nam a2200289Ia 4500
005 20260324120952.0
008 008 260324s9999 xx 000 0 eng d
020 _a9780429071140
037 _aEBOOK
040 _aCRL
040 _beng
040 _cCRL
041 _2eng
041 _aeng
084 _qCRL
100 _aTie-Hua Ng
_91160674
245 0 _aNoninferiority Testing in Clinical Trials
245 0 _bIssues and Challenges
260 _bTaylor and Francis
260 _c2014
365 _a
365 _b180
856 _uhttp://www.taylorfrancis.com/books/9780429071140
942 _cEBOOK
999 _c1752494
_d1752494